000 00777nam a22002890a 4500
001 PT51704
003 AR-LpoUNG
005 20210131231441.0
008 191001s2013||||ag |||||||||||||||||spa d
020 _a9789870725275
_c$17
040 _aAR-LpoUNG
_bspa
_cAR-LpoUNG
_eaacr
041 _aspa
044 _aag
082 0 _a808.068 3 683mad
100 1 _aColazo, Pablo
_eed.
245 1 0 _aMadagascar :
_bel cuento de la película
260 _aBuenos Aires :
_bGenios,
_c2013.
300 _a[50] p. :
_bil.
505 0 _aSugerido a partir de 8 años (etiqueta CELESTE)
650 4 _aCUENTOS
650 4 _aLITERATURA
650 4 _aPELICULAS
651 4 _aDOCUMENTOS TEORICOS O METODOLOGICOS
653 _aLITERATURA INFANTIL
905 _a51704
942 _cLIB
999 _c10078
_d10078